Movies Quiz

Random Movies or Actress Quiz
Score 0/40 Timer 05:00
0 Plays Today
Character Actor/Actress % Correct
Jules WinnfieldSamuel L. Jackson
100%
Beatrix Kiddo 'The Bride'Uma Thurman
97%
Mia WallaceUma Thurman
97%
Mr. WhiteHarvey Keitel
90%
Winston Wolfe 'The Wolf'Harvey Keitel
90%
Vincent VegaJohn Travolta
89%
Lt. Aldo RaineBrad Pitt
86%
DjangoJamie Foxx
83%
Mr. PinkSteve Buscemi
81%
Mr. BlondeMichael Madsen
74%
BuddMichael Madsen
74%
Col. Hans LandaChristoph Waltz
73%
Dr. King SchultzChristoph Waltz
73%
Calvin J. CandieLeonardo DiCaprio
72%
Mr. OrangeTim Roth
71%
Marsellus WallaceVing Rhames
68%
O-Ren IshiiLucy Liu
68%
Jackie BrownPam Grier
66%
Sgt. Donny DonowitzEli Roth
58%
Stuntman MikeKurt Russell
54%
Character Actor/Actress % Correct
Mickey KnoxWoody Harrelson
53%
Vincenco CoccottiChristopher Walken
50%
Bridget Von HammersmarkDiane Kruger
47%
WarrenQuentin Tarantino
42%
Clarence WorleyChristian Slater
41%
Shosanna DreyfusMelanie Laurent
34%
Max CherryRobert Forster
33%
Big DaddyDon Johnson
33%
Yolanda 'Hunny-Bunny'Amanda Plummer
31%
Drexl SpiveyGary Oldman
31%
LanceEric Stoltz
28%
Gen. Ed FenechMike Myers
27%
Hattori HanzoSonny Chiba
24%
Pai MeiChia-Hui Liu
13%
Johnny MoChia-Hui Liu
13%
Pfc. Omar UlmerOmar Doom
10%
BillJohn Carradine
6%
Esmeralda VillalobosAngela Jones
4%
Mr. BlueLawrence Tierney
3%
Master Sgt. WilhelmAlexander Fehling
2%
Remove Ads.
Support Sporcle.
Get the best of Sporcle when you Go Orange. This ad-free experience offers more features, more stats, and more fun while also helping to support Sporcle. Thank you for becoming a member.

You're not logged in!

Compare scores with friends on all Sporcle quizzes.
OR
Log In

Show Comments

Extras

Top Quizzes Today


Score Distribution

Your Account Isn't Verified!

In order to create a playlist on Sporcle, you need to verify the email address you used during registration. Go to your Sporcle Settings to finish the process.

Report this User

Report this user for behavior that violates our Community Guidelines.

Details: